<?xml version="1.0" encoding="UTF-8"?>
<record
    xmlns:xsi="http://www.w3.org/2001/XMLSchema-instance"
    xsi:schemaLocation="http://www.loc.gov/MARC21/slim http://www.loc.gov/standards/marcxml/schema/MARC21slim.xsd"
    xmlns="http://www.loc.gov/MARC21/slim">

  <leader>00421nam a2200181K  4500</leader>
  <datafield tag="999" ind1=" " ind2=" ">
    <subfield code="c">7904</subfield>
    <subfield code="d">7904</subfield>
  </datafield>
  <controlfield tag="001">11205123</controlfield>
  <controlfield tag="003">OSt</controlfield>
  <controlfield tag="005">20190319121150.0</controlfield>
  <controlfield tag="008">840927s1940    enk           00001 eng d</controlfield>
  <datafield tag="040" ind1=" " ind2=" ">
    <subfield code="a">GZM</subfield>
    <subfield code="c">GZM</subfield>
    <subfield code="d">BGU</subfield>
  </datafield>
  <datafield tag="082" ind1=" " ind2=" ">
    <subfield code="a">823</subfield>
    <subfield code="b">T787a</subfield>
  </datafield>
  <datafield tag="090" ind1=" " ind2=" ">
    <subfield code="a">PR5177</subfield>
    <subfield code="b">.A99</subfield>
  </datafield>
  <datafield tag="100" ind1="1" ind2="0">
    <subfield code="a">Stanley, Lilian,</subfield>
  </datafield>
  <datafield tag="245" ind1="1" ind2="0">
    <subfield code="a">Awake Deborah!</subfield>
  </datafield>
  <datafield tag="260" ind1="0" ind2=" ">
    <subfield code="a">Vellore:</subfield>
    <subfield code="b">Blessing Books</subfield>
    <subfield code="c">c. </subfield>
  </datafield>
  <datafield tag="300" ind1=" " ind2=" ">
    <subfield code="a">57 p.</subfield>
    <subfield code="c">20 cm</subfield>
  </datafield>
  <datafield tag="942" ind1=" " ind2=" ">
    <subfield code="2">ddc</subfield>
    <subfield code="c">BK</subfield>
  </datafield>
  <datafield tag="952" ind1=" " ind2=" ">
    <subfield code="0">0</subfield>
    <subfield code="1">0</subfield>
    <subfield code="2">ddc</subfield>
    <subfield code="4">0</subfield>
    <subfield code="7">0</subfield>
    <subfield code="8">NFIC</subfield>
    <subfield code="a">HMC</subfield>
    <subfield code="b">HMC</subfield>
    <subfield code="c">GEN</subfield>
    <subfield code="d">2019-03-19</subfield>
    <subfield code="g">120.00</subfield>
    <subfield code="l">0</subfield>
    <subfield code="o">823 T787a</subfield>
    <subfield code="p">009027</subfield>
    <subfield code="r">2019-03-19 00:00:00</subfield>
    <subfield code="w">2019-03-19</subfield>
    <subfield code="y">BK</subfield>
  </datafield>
</record>
